[Event "Danmarksmesterskabet 2025"]
[Site "Svendborg"]
[Date "2025.04.16"]
[Round "5"]
[White "Ochsner, Bjorn Moller"]
[Black "Hansen, Sune Berg"]
[Result "1/2-1/2"]
[WhiteElo "2492"]
[BlackElo "2505"]
[WhiteFideId "1416928"]
[BlackFideId "1400266"]
[EventDate "2025.04.12"]
[EventType "tourn"]
[EventRounds "9"]
[EventCountry "DEN"]
[SourceTitle "Live v. Kasper Jerwiarz"]

1. e4 e5 2. Nf3 Nf6 3. Nxe5 d6 4. Nf3 Nxe4 5. d4 d5 6. Bd3 Bf5 7. O-O Be7 8. Ne5 O-O 9. Nc3 Nxc3 10. bxc3 Bxd3 11. cxd3 Nd7 12. Rb1 Rb8 13. Be3 Nxe5 14. dxe5 c5 15. d4 cxd4 16. cxd4 Qd7 17. f4 f5 18. Qd3 b5 19. Rfc1 a6 20. Kf2 Rfc8 21. Rxc8+ Rxc8 22. Rc1 g6 23. h3 Rc4 24. Rxc4 bxc4 25. Qb1 Qb5 26. Qc2 h5 27. g3 Ba3 28. Kf3 Be7 29. g4 hxg4+ 30. hxg4 Qd7 31. Kg3 Kg7 32. g5 Kg8 33. Bd2 Qb5 34. Kf3 Bb4 35. Bxb4 Qxb4 36. Ke2 Kf7 37. Kd1 Ke6 38. Ke2 a5 39. Kd1 Qa3 40. Kd2 Kd7 41. Ke2 Kc7 42. Kf2 Qh3 43. Qa4 Qc3 44. Kf1 Qd2 45. Qe8 Qxf4+ 46. Ke2 Qe4+ 47. Kf1 Qd3+ 48. Ke1 Qe3+ 49. Kf1 Qc1+ 50. Ke2 Qc2+ 51. Ke1 Qb1+ 52. Ke2 Qxa2+ 53. Ke1 Qa1+ 54. Ke2 Qb2+ 55. Kf1 Qc1+ 56. Ke2 Qc2+ 57. Ke1 Qe4+ 58. Kf1 Qf3+ 59. Ke1 Qe3+ 60. Kf1 Qd3+ 61. Ke1 Qxd4 62. e6 Qe3+ 63. Kf1 Qf4+ 64. Ke2 d4 65. e7 Qh2+ 66. Kf3 Qh3+ 67. Kf2 Qe3+ 68. Kf1 Qf4+ 69. Ke1 Qe3+ 70. Kf1 Qf3+ 71. Kg1 Qd1+ 72. Kf2 Qd2+ 73. Kf1 Qf4+ 74. Ke1 Qh4+ 75. Kf1 Qh3+ 76. Kf2 Qe3+ 77. Kf1 1/2-1/2

[Event "Danmarksmesterskabet 2025"]
[Site "Svendborg"]
[Date "2025.04.16"]
[Round "5"]
[White "Haubro, Martin"]
[Black "Olsen, Filip Boe"]
[Result "1/2-1/2"]
[WhiteElo "2376"]
[BlackElo "2447"]
[WhiteFideId "1414291"]
[BlackFideId "1440640"]
[EventDate "2025.04.12"]
[EventType "tourn"]
[EventRounds "9"]
[EventCountry "DEN"]
[SourceTitle "Live v. Kasper Jerwiarz"]

1. e4 c5 2. Nf3 d6 3. d4 cxd4 4. Nxd4 Nf6 5. Nc3 a6 6. Bg5 e6 7. f4 h6 8. Bh4 Qb6 9. a3 Nbd7 10. Bc4 Qc7 11. Ba2 b5 12. Qe2 Bb7 13. O-O-O Rc8 14. Rhf1 Be7 15. Nxe6 fxe6 16. Bxe6 Nxe4 17. Bd5 Ndf6 18. Nxe4 Nxd5 19. Bxe7 Qxc2+ 20. Qxc2 Rxc2+ 21. Kxc2 Ne3+ 22. Kd3 Nxd1 23. Bf6 gxf6 24. Rxd1 Ke7 25. Re1 Bxe4+ 26. Kxe4 Rc8 27. Kf5+ Kf7 28. b4 Rc4 29. g3 Rd4 30. Rc1 Rd5+ 31. Ke4 Ke6 32. Rc6 Rd2 33. f5+ Kd7 34. Rxa6 Re2+ 35. Kf3 Rxh2 36. Ra7+ Kc6 37. Rf7 Kd5 38. Rxf6 Ke5 39. Re6+ Kxf5 40. Rxd6 Ra2 41. Rd5+ Kf6 42. Rxb5 Rxa3+ 43. Kf4 Rd3 44. Rb6+ Kg7 45. Re6 Rb3 46. Re4 h5 47. Re7+ Kf6 48. Rb7 Kg6 49. Rb6+ Kf7 50. Rb5 Kf6 51. Rb8 Kf7 52. b5 Kg7 53. b6 Kh7 54. Rb7+ Kg6 55. Rb8 Kg7 56. Ke5 Rxg3 57. Rb7+ Kg6 58. Rc7 h4 59. b7 Rb3 60. Kd6 h3 61. Rc3 1/2-1/2

[Event "Danmarksmesterskabet 2025"]
[Site "Svendborg"]
[Date "2025.04.16"]
[Round "5"]
[White "Pilgaard, Kim"]
[Black "Kistrup, Nicolai"]
[Result "1/2-1/2"]
[WhiteElo "2361"]
[BlackElo "2380"]
[WhiteFideId "1400657"]
[BlackFideId "1444816"]
[EventDate "2025.04.12"]
[EventType "tourn"]
[EventRounds "9"]
[EventCountry "DEN"]
[SourceTitle "Live v. Kasper Jerwiarz"]

1. d4 Nf6 2. Nf3 e6 3. g3 c5 4. Bg2 cxd4 5. Nxd4 d5 6. O-O e5 7. Nb3 Be6 8. c4 Nc6 9. cxd5 Nxd5 10. N1d2 Be7 11. Ne4 b6 12. Nc3 Ndb4 13. a3 Qxd1 14. Rxd1 Bxb3 15. axb4 Rc8 16. Bh3 Bxd1 17. Bxc8 Bb3 18. Bb7 Kd7 19. b5 Na5 20. Bd5 Bxd5 21. Nxd5 Ke6 22. Nxe7 Nb3 23. Rxa7 Nxc1 24. e4 Ne2+ 25. Kg2 Nd4 26. Nd5 f5 27. Rxg7 fxe4 28. Ne3 Nf5 29. Rb7 Nxe3+ 30. fxe3 Rd8 31. Rxb6+ Kf5 32. Rh6 Rd2+ 33. Kh3 Rd3 34. Rxh7 Rxe3 35. Rh5+ Ke6 36. b6 Rb3 37. Rh7 Kd5 38. b7 e3 39. Kg2 Ke4 40. g4 Rxb2+ 41. Kg3 Rb1 42. Kg2 Rb2+ 43. Kg3 Rb1 44. Kg2 Rb2+ 45. Kg3 Rb1 1/2-1/2

[Event "Danmarksmesterskabet 2025"]
[Site "Svendborg"]
[Date "2025.04.16"]
[Round "5"]
[White "Nielsen, Viktor Haarmark"]
[Black "Percivaldi, Martin"]
[Result "1-0"]
[WhiteElo "2350"]
[BlackElo "2375"]
[WhiteFideId "1444492"]
[BlackFideId "1508148"]
[EventDate "2025.04.12"]
[EventType "tourn"]
[EventRounds "9"]
[EventCountry "DEN"]
[SourceTitle "Live v. Kasper Jerwiarz"]

1. e4 e5 2. Nf3 Nc6 3. Bb5 a6 4. Ba4 d6 5. c3 Bd7 6. d4 g6 7. O-O Bg7 8. d5 Nce7 9. Bxd7+ Qxd7 10. c4 h6 11. Nc3 f5 12. exf5 gxf5 13. Nh4 Nf6 14. f4 e4 15. Be3 c5 16. dxc6 bxc6 17. h3 O-O 18. Rf2 Qe6 19. Rd2 Ne8 20. Rc1 Bf6 21. Qe1 Kh7 22. Bd4 Rg8 23. Nf3 Qf7 24. Bxf6 Nxf6 25. Nh4 Rad8 26. Ne2 Nh5 27. Rc3 Qf6 28. Kh2 Rg7 29. g3 d5 30. Qf2 c5 31. Qxc5 Nxg3 32. Rxg3 Rxg3 33. Nxg3 Qxh4 34. cxd5 Ng6 35. Qc7+ Kg8 36. Nxf5 Qxf4+ 37. Qxf4 Nxf4 38. Rd4 Kf7 39. Rxe4 Nxd5 40. Nxh6+ Kg7 41. Ng4 Rc8 42. Re2 Nf4 43. Rd2 a5 44. Kg3 Nh5+ 45. Kf3 Rb8 46. Rd5 Kg6 47. Ne5+ Kh6 48. h4 Ng7 49. Nd3 Ra8 50. a4 Ne8 51. Nf4 Ra6 52. Rh5+ Kg7 53. Rg5+ Kh6 54. Re5 Nc7 55. Rh5+ Kg7 56. Rc5 Ne8 57. Ke4 Kf7 58. Kd4 Ke7 59. Re5+ Kd7 60. h5 Nc7 61. Rg5 Rd6+ 62. Ke4 Ra6 63. Rg7+ Kd8 64. Rg6 Ra7 65. h6 Ne8 66. Ne6+ Ke7 67. Ng5 Rb7 68. h7 Rb4+ 69. Kf3 Rh4 70. Rg8 1-0

[Event "Danmarksmesterskabet 2025"]
[Site "Svendborg"]
[Date "2025.04.17"]
[Round "6"]
[White "Hansen, Sune Berg"]
[Black "Pilgaard, Kim"]
[Result "1-0"]
[WhiteElo "2505"]
[BlackElo "2361"]
[WhiteFideId "1400266"]
[BlackFideId "1400657"]
[EventDate "2025.04.12"]
[EventType "tourn"]
[EventRounds "9"]
[EventCountry "DEN"]
[SourceTitle "Live v. Kasper Jerwiarz"]

1. e4 e5 2. Nf3 Nc6 3. Bb5 a6 4. Ba4 Nf6 5. O-O Nxe4 6. d4 b5 7. Bb3 d5 8. dxe5 Be6 9. c3 Be7 10. Nbd2 Nc5 11. Bc2 d4 12. cxd4 Nxd4 13. Nxd4 Qxd4 14. Nf3 Qxd1 15. Rxd1 Rd8 16. Rxd8+ Bxd8 17. Nd4 Bd5 18. Be3 Na4 19. Bb3 c6 20. Bxd5 cxd5 21. b3 Nc3 22. Kf1 Kd7 23. a3 Ne4 24. f3 Bg5 25. Ke2 Bxe3 26. Kxe3 Nc5 27. Rc1 Ne6 28. Rc6 Nc7 29. Rd6+ Kc8 30. Nf5 Re8 31. f4 g5 32. g3 gxf4+ 33. gxf4 Re6 34. b4 Na8 35. Kd4 Nb6 36. Ne7+ Kb7 37. Nxd5 Rxd6 38. exd6 Nd7 39. Ne7 Nb6 40. Nd5 Nd7 41. Nc7 h6 42. h4 Kc6 43. Nxa6 Kxd6 44. Nc5 Nb6 45. f5 Nc4 46. a4 Nd2 47. a5 1-0

[Event "Danmarksmesterskabet 2025"]
[Site "Svendborg"]
[Date "2025.04.17"]
[Round "6"]
[White "Olsen, Filip Boe"]
[Black "Ochsner, Bjorn Moller"]
[Result "1/2-1/2"]
[WhiteElo "2447"]
[BlackElo "2492"]
[WhiteFideId "1440640"]
[BlackFideId "1416928"]
[EventDate "2025.04.12"]
[EventType "tourn"]
[EventRounds "9"]
[EventCountry "DEN"]
[SourceTitle "Live v. Kasper Jerwiarz"]

1. Nf3 c5 2. c4 Nc6 3. d4 cxd4 4. Nxd4 Nf6 5. Nc3 e6 6. a3 Be7 7. e4 O-O 8. Be2 d5 9. exd5 exd5 10. Nxc6 bxc6 11. cxd5 Nxd5 12. Nxd5 cxd5 13. O-O Bf6 14. Rb1 d4 15. Bf4 Bf5 16. Bd3 Qd5 17. Qd2 Rac8 18. Rbc1 h6 19. h3 Rfd8 20. Rfe1 Rxc1 21. Rxc1 Re8 22. b4 Bxd3 23. Qxd3 Bg5 24. Bxg5 Qxg5 25. Rd1 Rd8 26. Qe4 Qf6 27. g3 Qb6 28. Rd3 a5 29. bxa5 Qxa5 30. Rxd4 Rxd4 31. Qxd4 Qxa3 1/2-1/2

[Event "Danmarksmesterskabet 2025"]
[Site "Svendborg"]
[Date "2025.04.17"]
[Round "6"]
[White "Thybo, Jesper Sondergaard"]
[Black "Haubro, Martin"]
[Result "1-0"]
[WhiteElo "2560"]
[BlackElo "2376"]
[WhiteFideId "1438832"]
[BlackFideId "1414291"]
[EventDate "2025.04.12"]
[EventType "tourn"]
[EventRounds "9"]
[EventCountry "DEN"]
[SourceTitle "Live v. Kasper Jerwiarz"]

1. d4 Nf6 2. c4 e6 3. Nf3 d5 4. g3 Bb4+ 5. Bd2 a5 6. a3 Be7 7. Bg2 O-O 8. Qc2 Nbd7 9. O-O c6 10. Rd1 b6 11. Bf4 Bb7 12. Ne5 Rc8 13. Nc3 Nxe5 14. dxe5 Nd7 15. cxd5 cxd5 16. e4 d4 17. Rxd4 Qc7 18. Rc1 Rfd8 19. Qd1 Nc5 20. Nb5 Rxd4 21. Qxd4 Rd8 22. Nxc7 Rxd4 23. Nb5 Rd7 24. Nd6 Nd3 25. Rc3 Nxf4 26. gxf4 g6 27. Rb3 Bd8 28. Bf1 Kf8 29. Rc3 Kg7 30. Bb5 Re7 31. Rd3 1-0

[Event "Danmarksmesterskabet 2025"]
[Site "Svendborg"]
[Date "2025.04.17"]
[Round "6"]
[White "Kistrup, Nicolai"]
[Black "Nielsen, Viktor Haarmark"]
[Result "1/2-1/2"]
[WhiteElo "2380"]
[BlackElo "2350"]
[WhiteFideId "1444816"]
[BlackFideId "1444492"]
[EventDate "2025.04.12"]
[EventType "tourn"]
[EventRounds "9"]
[EventCountry "DEN"]
[SourceTitle "Live v. Kasper Jerwiarz"]

1. e4 c5 2. Nf3 g6 3. c3 d5 4. e5 a6 5. d4 Nc6 6. h3 Bg7 7. g3 f6 8. Bg2 fxe5 9. dxe5 Nxe5 10. Nxe5 Bxe5 11. Qxd5 Qxd5 12. Bxd5 Nf6 13. Bg2 Rb8 14. a4 b6 15. O-O Bb7 16. Re1 Bxg2 17. Kxg2 Bd6 18. Na3 Kf7 19. Nc4 Rhd8 20. Bg5 Bc7 21. Ne5+ Bxe5 22. Rxe5 Rd6 23. Rae1 Rb7 24. R1e2 a5 25. f3 Rbd7 26. Kf2 Rd5 27. Bf4 Rxe5 28. Bxe5 Rd1 29. c4 Ne8 30. g4 Rd7 31. Ke3 Rd1 32. b3 Rb1 33. Rb2 Re1+ 34. Re2 Rb1 35. Rb2 Re1+ 36. Re2 1/2-1/2

[Event "Danmarksmesterskabet 2025"]
[Site "Svendborg"]
[Date "2025.04.17"]
[Round "6"]
[White "Falkesgaard, Jeppe Hald"]
[Black "Percivaldi, Martin"]
[Result "1-0"]
[WhiteElo "2290"]
[BlackElo "2375"]
[WhiteFideId "1464981"]
[BlackFideId "1508148"]
[EventDate "2025.04.12"]
[EventType "tourn"]
[EventRounds "9"]
[EventCountry "DEN"]
[SourceTitle "Live v. Kasper Jerwiarz"]

1. Nf3 d5 2. c4 e6 3. g3 d4 4. Bg2 c5 5. O-O Nc6 6. d3 Nf6 7. e3 Bd6 8. exd4 cxd4 9. Bg5 h6 10. Bxf6 Qxf6 11. Nbd2 Qd8 12. a3 a5 13. Qc2 O-O 14. c5 Bc7 15. Nc4 Qe7 16. Nb6 Bxb6 17. cxb6 Ra6 18. Qc4 Rd8 19. b4 Rxb6 20. b5 Na7 21. a4 Rbd6 22. Rac1 e5 23. Qc7 Qxc7 24. Rxc7 e4 25. Ne5 Re6 26. Nxf7 Rd7 27. Rxd7 Bxd7 28. Nd8 Re8 29. Nxb7 exd3 30. Rd1 Kh8 31. Nc5 Bg4 32. f3 Bf5 33. Nxd3 Nc8 34. Nc5 Re5 35. Ne4 Rd5 36. Nc3 Rd7 37. Ne4 Rd5 38. Bf1 Nb6 39. Nd2 Bc2 40. Re1 d3 41. Re8+ Kh7 42. Rb8 Nxa4 43. f4 Rd6 44. Ra8 Nc5 45. Bg2 a4 46. Rc8 Nb3 47. Be4+ g6 48. Rc7+ Kg8 49. Nc4 Bb1 50. Nxd6 d2 51. Bd5+ Kh8 52. Nf7+ Kg8 53. Ne5+ Kf8 54. Nxg6+ Bxg6 55. Bf3 Nd4 56. Bd1 Nxb5 57. Rd7 a3 58. Rxd2 Nc3 59. Bb3 Ke7 60. Ba2 Bf5 61. Kg2 h5 62. Kf3 Bg4+ 63. Ke3 Be6 64. Bxe6 Kxe6 65. Rd8 Nd5+ 66. Kd4 Nc7 67. Kc3 Kf5 68. Rd7 Ne6 69. Rd5+ Kg4 70. Re5 1-0

[Event "Danmarksmesterskabet 2025"]
[Site "Svendborg"]
[Date "2025.04.18"]
[Round "7"]
[White "Nielsen, Viktor Haarmark"]
[Black "Hansen, Sune Berg"]
[Result "1/2-1/2"]
[WhiteElo "2350"]
[BlackElo "2505"]
[WhiteFideId "1444492"]
[BlackFideId "1400266"]
[EventDate "2025.04.12"]
[EventType "tourn"]
[EventRounds "9"]
[EventCountry "DEN"]
[SourceTitle "Live v. Kasper Jerwiarz"]

1. d4 Nf6 2. c4 e6 3. Nf3 d5 4. g3 Nc6 5. Bg2 Bd6 6. O-O O-O 7. b3 dxc4 8. bxc4 e5 9. Bb2 exd4 10. Nxd4 Nxd4 11. Qxd4 Be7 12. Rd1 Qxd4 13. Bxd4 c6 14. Nd2 Be6 15. c5 Rfd8 16. e3 Nd7 17. Ne4 b6 18. Bc3 Rab8 19. cxb6 axb6 20. Nd2 c5 21. a4 h6 22. Rdb1 Bf6 23. Ne4 Bxc3 24. Nxc3 Ne5 25. a5 bxa5 26. Rxb8 Rxb8 27. Rxa5 Rb3 28. Be4 g5 29. Rxc5 Nc4 30. Nd5 Nd2 31. Bc2 Nf3+ 32. Kf1 Rb2 33. Bf5 Kg7 34. Bxe6 fxe6 35. Nc3 Nxh2+ 36. Kg2 Ng4 37. Nd1 Rd2 38. Rc1 h5 39. Kf1 Ne5 40. Rc7+ Kg6 41. Nc3 Rb2 42. Nd1 Rb1 43. Ke2 Ra1 44. Nc3 g4 45. Re7 Ra6 46. Re8 Nf3 47. Rg8+ Kh7 48. Re8 Ng5 49. Rb8 Kg7 50. Rb4 Nf3 51. Rb5 Kg6 52. Rb8 Ra3 53. Kd3 Ne5+ 54. Kd2 Ra1 55. Rb1 Ra8 56. Ke2 Rc8 57. Rb3 Nf3 58. Ra3 Rb8 59. Ra2 Rb3 60. Kd3 Rb8 61. Ke2 Ng5 62. Kd3 Nh3 63. Ne4 Rb1 64. Ra6 Kf5 65. Ra5+ e5 66. Nd6+ Ke6 67. Ne4 Rb3+ 68. Kc4 Rb2 69. Ra6+ Ke7 70. Ra7+ Ke6 71. Ra6+ Ke7 72. Ra7+ Ke6 1/2-1/2

[Event "Danmarksmesterskabet 2025"]
[Site "Svendborg"]
[Date "2025.04.18"]
[Round "7"]
[White "Pilgaard, Kim"]
[Black "Olsen, Filip Boe"]
[Result "0-1"]
[WhiteElo "2361"]
[BlackElo "2447"]
[WhiteFideId "1400657"]
[BlackFideId "1440640"]
[EventDate "2025.04.12"]
[EventType "tourn"]
[EventRounds "9"]
[EventCountry "DEN"]
[SourceTitle "Live v. Kasper Jerwiarz"]

1. d4 Nf6 2. Nf3 d5 3. g3 c5 4. Bg2 cxd4 5. O-O h6 6. b3 h5 7. Qxd4 Nc6 8. Qf4 h4 9. gxh4 Rh5 10. Bb2 e5 11. Nxe5 Qc7 12. Nd3 Bd6 13. Qe3+ Be6 14. h3 O-O-O 15. f4 Rxh4 16. Nd2 Rdh8 17. Rf3 d4 18. Bxd4 Nd5 19. Qf2 Nxd4 20. Qxd4 Nxf4 21. Qf2 Nxg2 0-1

[Event "Danmarksmesterskabet 2025"]
[Site "Svendborg"]
[Date "2025.04.18"]
[Round "7"]
[White "Ochsner, Bjorn Moller"]
[Black "Thybo, Jesper Sondergaard"]
[Result "0-1"]
[WhiteElo "2492"]
[BlackElo "2560"]
[WhiteFideId "1416928"]
[BlackFideId "1438832"]
[EventDate "2025.04.12"]
[EventType "tourn"]
[EventRounds "9"]
[EventCountry "DEN"]
[SourceTitle "Live v. Kasper Jerwiarz"]

1. e4 e5 2. Nf3 Nc6 3. Bc4 Bc5 4. c3 Nf6 5. d3 d6 6. O-O h6 7. Re1 O-O 8. h3 Bb6 9. d4 Nxe4 10. Bd5 Nf6 11. Bxc6 bxc6 12. dxe5 dxe5 13. Qxd8 Rxd8 14. Nxe5 Ne4 15. Be3 Bxe3 16. fxe3 Bb7 17. a4 Rd5 18. Nf3 Rad8 19. a5 c5 20. Kh2 Ng5 21. Nh4 Ba6 22. Na3 Rd2 23. b4 c6 24. Rab1 Bd3 25. Rbd1 Be2 26. Rxd2 Rxd2 27. bxc5 Bd3 28. Ra1 g6 29. c4 a6 30. Rc1 Rb2 31. Rc3 Be4 32. Kg1 Kg7 33. Kf1 Kf6 34. Ke1 Nxh3 35. Nf3 0-1

[Event "Danmarksmesterskabet 2025"]
[Site "Svendborg"]
[Date "2025.04.18"]
[Round "7"]
[White "Haubro, Martin"]
[Black "Falkesgaard, Jeppe Hald"]
[Result "1-0"]
[WhiteElo "2376"]
[BlackElo "2290"]
[WhiteFideId "1414291"]
[BlackFideId "1464981"]
[EventDate "2025.04.12"]
[EventType "tourn"]
[EventRounds "9"]
[EventCountry "DEN"]
[SourceTitle "Live v. Kasper Jerwiarz"]

1. e4 c5 2. Nf3 Nc6 3. Bb5 e6 4. Bxc6 bxc6 5. d3 Qc7 6. Qe2 Ne7 7. h4 h6 8. Be3 d6 9. e5 Nf5 10. exd6 Bxd6 11. Nbd2 Be7 12. g4 Nxe3 13. Qxe3 Ba6 14. O-O-O Rb8 15. Ne5 Bf6 16. f4 Rb4 17. c4 O-O 18. g5 Bxe5 19. fxe5 h5 20. Qxc5 Ra4 21. Nb3 Rxa2 22. Kb1 Ra4 23. Qd6 Qc8 24. Nc5 Ra5 25. Rhf1 Qb8 26. Qxc6 Bc8 27. d4 Qb4 28. Rc1 Qd2 29. Qd6 Bb7 30. Rc2 Qb4 31. g6 Rxc5 32. Qxc5 Qxc5 33. dxc5 Be4 34. gxf7+ Rxf7 35. Rxf7 Kxf7 36. Kc1 Bxc2 37. Kxc2 g5 38. c6 Ke7 39. hxg5 h4 40. c7 1-0

[Event "Danmarksmesterskabet 2025"]
[Site "Svendborg"]
[Date "2025.04.18"]
[Round "7"]
[White "Percivaldi, Martin"]
[Black "Kistrup, Nicolai"]
[Result "1-0"]
[WhiteElo "2375"]
[BlackElo "2380"]
[WhiteFideId "1508148"]
[BlackFideId "1444816"]
[EventDate "2025.04.12"]
[EventType "tourn"]
[EventRounds "9"]
[EventCountry "DEN"]
[SourceTitle "Live v. Kasper Jerwiarz"]

1. Nf3 c5 2. e3 Nf6 3. b3 g6 4. Bb2 Bg7 5. Be2 O-O 6. O-O d5 7. d4 cxd4 8. exd4 Nc6 9. Nbd2 Bf5 10. c3 Rc8 11. Nh4 Ne4 12. Nxe4 Bxe4 13. f3 Bf5 14. Nxf5 gxf5 15. Bd3 e6 16. Kh1 Rc7 17. Rc1 Qd6 18. Bb1 Ne7 19. Qd3 Kh8 20. g4 Rg8 21. Rg1 Rcc8 22. Rcf1 Bh6 23. Qe2 Rg6 24. c4 Rcg8 25. c5 Qc7 26. gxf5 Nxf5 27. Bxf5 exf5 28. Rxg6 hxg6 29. Qe5+ Qxe5 30. dxe5 Rd8 31. Bd4 Kg8 32. Kg2 Bf4 33. b4 a6 34. a4 Kf8 35. Rb1 Ke7 36. b5 axb5 37. Rxb5 Rd7 38. Rb6 Bd2 39. c6 bxc6 40. Rxc6 Rb7 41. Bc5+ Kd7 42. Rd6+ Kc7 43. Ba3 Rb3 44. Rxd5 Bf4 45. Bc1 Bxc1 46. Rc5+ Kd7 47. Rxc1 Ra3 48. Rc4 g5 49. h4 gxh4 50. Rxh4 Ke6 51. Rb4 Kxe5 52. Kg3 Ra1 53. Rb5+ Kf6 54. Rb4 Kg5 55. f4+ Kh5 56. Kf3 Ra3+ 57. Ke2 Kg4 58. Kd2 Kf3 59. Kc2 Re3 60. a5 Re2+ 61. Kb3 Re3+ 62. Ka4 Re1 63. a6 Ra1+ 64. Kb5 Ke3 65. Kb6 Kd3 66. a7 1-0

[Event "Danmarksmesterskabet 2025"]
[Site "Svendborg"]
[Date "2025.04.19"]
[Round "8"]
[White "Hansen, Sune Berg"]
[Black "Percivaldi, Martin"]
[Result "1/2-1/2"]
[WhiteElo "2505"]
[BlackElo "2375"]
[WhiteFideId "1400266"]
[BlackFideId "1508148"]
[EventDate "2025.04.12"]
[EventType "tourn"]
[EventRounds "9"]
[EventCountry "DEN"]
[SourceTitle "Live v. Kasper Jerwiarz"]

1. e4 e6 2. Nc3 d5 3. Nf3 Nf6 4. e5 Nfd7 5. d4 c5 6. Ne2 Nc6 7. c3 b5 8. a3 a5 9. Nf4 Ba6 10. Bd3 c4 11. Bc2 b4 12. Ba4 Bb7 13. h4 h6 14. Nd2 Nb6 15. Bb5 bxc3 16. bxc3 Kd7 17. Qf3 Kc8 18. a4 Na7 19. Nh5 Nxb5 20. axb5 Qd7 21. O-O a4 22. Nb1 g6 23. Nf6 Qxb5 24. Na3 Qc6 25. Nc2 Kc7 26. Ba3 Bxa3 27. Rxa3 Nd7 28. Ng4 h5 29. Nh2 Rhf8 30. Nb4 Qb6 31. Rb1 Kc8 32. Qd1 Qa5 33. Nf3 Kd8 34. Rba1 Nb6 35. Qc1 Qb5 36. Rb1 Qd7 37. Ra2 Kc7 38. Qa3 Rfe8 39. Rab2 Qe7 40. Ng5 Ra7 41. Nh7 Nd7 42. Ng5 Kc8 43. Re2 Kc7 44. Re3 Kd8 45. Rf3 Rf8 46. g3 Ke8 47. Qc1 Nb8 48. Nc2 Nd7 49. Rb4 Bc6 50. Rb1 Ra8 51. Nb4 Bb7 52. Re3 Ra7 53. Re2 Kd8 54. Reb2 Kc7 55. Qf4 Bc6 56. Nh7 Rh8 57. Ng5 Rf8 58. Kh2 Bb7 59. Ra2 Bc6 60. Rba1 Nb6 61. Nh7 Rh8 62. Nf6 Rha8 63. Qg5 Qd8 64. Qc1 Nd7 65. Nh7 Qe7 66. Qa3 Re8 67. Rb1 Bb7 68. Rab2 Bc6 69. Qa1 Bb7 70. Ra2 Rea8 71. Qb2 Kc8 72. Qa3 Kd8 73. Ng5 Nb8 74. Qc1 Bc6 75. Rab2 Kc8 76. Nc2 Be8 77. Na3 Na6 78. Nh7 Rb8 79. Rxb8+ Nxb8 80. Nf6 Bc6 81. Nc2 Rb7 82. Nb4 Bb5 83. Qh6 Nc6 84. Nc2 Na5 85. Rb2 Nb3 86. Ra2 Kb8 87. Qf4 Ka7 88. f3 Bc6 89. g4 1/2-1/2

[Event "Danmarksmesterskabet 2025"]
[Site "Svendborg"]
[Date "2025.04.19"]
[Round "8"]
[White "Olsen, Filip Boe"]
[Black "Nielsen, Viktor Haarmark"]
[Result "1-0"]
[WhiteElo "2447"]
[BlackElo "2350"]
[WhiteFideId "1440640"]
[BlackFideId "1444492"]
[EventDate "2025.04.12"]
[EventType "tourn"]
[EventRounds "9"]
[EventCountry "DEN"]
[SourceTitle "Live v. Kasper Jerwiarz"]

1. c4 Nf6 2. g3 e6 3. Bg2 d5 4. Nf3 dxc4 5. Qa4+ Nbd7 6. Qxc4 a6 7. Qb3 c5 8. d3 Qc7 9. a4 b6 10. O-O Bb7 11. Na3 Be7 12. Nc4 O-O 13. Bf4 Qd8 14. e4 Bc6 15. Nfe5 Nxe5 16. Nxe5 Be8 17. Rfc1 b5 18. axb5 axb5 19. Rxa8 Qxa8 20. Be3 Bd6 21. Bxc5 Bxe5 22. Bxf8 Kxf8 23. d4 Bb8 24. Qb4+ Kg8 25. e5 Nd5 26. Bxd5 Qxd5 27. Rc8 1-0

[Event "Danmarksmesterskabet 2025"]
[Site "Svendborg"]
[Date "2025.04.19"]
[Round "8"]
[White "Thybo, Jesper Sondergaard"]
[Black "Pilgaard, Kim"]
[Result "1-0"]
[WhiteElo "2560"]
[BlackElo "2361"]
[WhiteFideId "1438832"]
[BlackFideId "1400657"]
[EventDate "2025.04.12"]
[EventType "tourn"]
[EventRounds "9"]
[EventCountry "DEN"]
[SourceTitle "Live v. Kasper Jerwiarz"]

1. Nf3 d5 2. g3 Nf6 3. Bg2 g6 4. d4 Bg7 5. O-O O-O 6. c4 dxc4 7. Na3 c3 8. bxc3 c5 9. Ne5 Nfd7 10. Nec4 Nc6 11. d5 Na5 12. Rb1 Nxc4 13. Nxc4 Bxc3 14. Bh6 Bg7 15. Bxg7 Kxg7 16. Qd2 b6 17. Rfd1 Rb8 18. d6 Ba6 19. Qb2+ Kg8 20. Ne3 Nf6 21. Qa3 Bxe2 22. dxe7 Qxe7 23. Re1 Bh5 24. g4 Nxg4 25. Nxg4 Qg5 26. Ne5 Rbe8 27. Nd7 Rxe1+ 28. Rxe1 Rd8 29. Qc3 1-0

[Event "Danmarksmesterskabet 2025"]
[Site "Svendborg"]
[Date "2025.04.19"]
[Round "8"]
[White "Haubro, Martin"]
[Black "Ochsner, Bjorn Moller"]
[Result "1-0"]
[WhiteElo "2376"]
[BlackElo "2492"]
[WhiteFideId "1414291"]
[BlackFideId "1416928"]
[EventDate "2025.04.12"]
[EventType "tourn"]
[EventRounds "9"]
[EventCountry "DEN"]
[SourceTitle "Live v. Kasper Jerwiarz"]

1. e4 c5 2. Nf3 Nc6 3. Bb5 e6 4. Bxc6 bxc6 5. d3 Ne7 6. Nbd2 f6 7. h4 h5 8. e5 Nf5 9. Ne4 Be7 10. Bf4 Qb6 11. b3 Ba6 12. Qe2 O-O-O 13. O-O-O Kb7 14. Kb1 Ka8 15. Rh3 Rh7 16. Ng3 Nd4 17. Qe4 f5 18. Qe3 Rb8 19. Ne2 Nxe2 20. Qxe2 Qc7 21. Rg3 Rb4 22. c4 Rb8 23. Ng5 Rhh8 24. Nf7 Rh7 25. Rh1 Rf8 26. Nd6 Rb8 27. Rg6 Bb7 28. Kb2 a5 29. Qd2 Ba6 30. Kc2 Qb6 31. Qc3 Rg8 32. Bg5 Bxg5 33. hxg5 Qb4 34. f3 Qa3 35. Qb2 Qb4 36. a4 h4 37. Qc3 Rgh8 38. Kd2 Qxc3+ 39. Kxc3 Ka7 40. Rh3 Kb6 41. Kd2 Ka7 42. Ke3 Rb8 43. g3 hxg3 44. Rxh7 f4+ 45. Ke2 Rxb3 46. Rh4 Rb2+ 47. Kd1 Rb1+ 48. Kc2 g2 49. Rg4 g1=Q 50. Rxg1 Rxg1 51. Rxg7 Rg3 52. Ne4 Rxf3 53. Rxd7+ Kb6 54. g6 1-0

[Event "Danmarksmesterskabet 2025"]
[Site "Svendborg"]
[Date "2025.04.19"]
[Round "8"]
[White "Falkesgaard, Jeppe Hald"]
[Black "Kistrup, Nicolai"]
[Result "0-1"]
[WhiteElo "2290"]
[BlackElo "2380"]
[WhiteFideId "1464981"]
[BlackFideId "1444816"]
[EventDate "2025.04.12"]
[EventType "tourn"]
[EventRounds "9"]
[EventCountry "DEN"]
[SourceTitle "Live v. Kasper Jerwiarz"]

1. c4 e6 2. Nf3 d5 3. g3 Nf6 4. Bg2 Be7 5. O-O O-O 6. b3 d4 7. e3 c5 8. exd4 cxd4 9. d3 Nc6 10. Re1 Bb4 11. Bd2 a5 12. a3 Bd6 13. Qc2 Nd7 14. Bc1 e5 15. Nbd2 f5 16. Rb1 e4 17. dxe4 f4 18. c5 Nxc5 19. e5 Bf5 20. Qc4+ Be6 21. Qb5 Be7 22. b4 axb4 23. axb4 Na4 24. Ne4 Nc3 25. Nxc3 dxc3 26. Bxf4 c2 27. Rbc1 Nxb4 28. Be3 Ra5 29. Qb6 Qxb6 30. Bxb6 Ra6 31. Be3 Nd3 32. Nd4 Nxe1 33. Bxb7 Rb6 34. Nxe6 Rxb7 35. Nxf8 Rb1 36. Ne6 Ba3 0-1

[Event "Danmarksmesterskabet 2025"]
[Site "Svendborg"]
[Date "2025.04.20"]
[Round "9"]
[White "Kistrup, Nicolai"]
[Black "Hansen, Sune Berg"]
[Result "1/2-1/2"]
[WhiteElo "2380"]
[BlackElo "2505"]
[WhiteFideId "1444816"]
[BlackFideId "1400266"]
[EventDate "2025.04.12"]
[EventType "tourn"]
[EventRounds "9"]
[EventCountry "DEN"]
[SourceTitle "Live v. Kasper Jerwiarz"]

1. e4 c5 2. Nf3 Nc6 3. Bb5 Nf6 4. Nc3 g6 5. e5 Ng4 6. Bxc6 dxc6 7. O-O Bg7 8. Re1 O-O 9. h3 Nh6 10. Ne4 b6 11. c3 Qd3 12. Re3 Qd5 13. b3 f5 14. exf6 exf6 15. c4 Qd7 16. Bb2 Nf5 17. Re1 Bb7 18. d4 Nxd4 19. Nxd4 cxd4 20. Qxd4 Qxd4 21. Bxd4 Rad8 22. Bc3 c5 23. Re3 Rd7 24. Rae1 h6 25. Kf1 Kf7 26. Nd6+ Kg8 27. Nxb7 Rxb7 28. Re7 Rf7 29. Rxb7 Rxb7 30. Ke2 Re7+ 31. Kd3 Rd7+ 32. Kc2 Kf7 33. Rd1 Rxd1 34. Kxd1 f5 35. Bxg7 1/2-1/2